000 00657nam a2200277Ia 4500
003 OSt
005 20250702170403.0
008 210210b2013 xxu||||| |||| 00| 0 eng d
020 _a9780195679892
040 _cAL
041 _aeng
082 _a428 SWAP
100 _aMichael Swan
_9216944
245 _aPractical English usage Ed 3
250 _a3
260 _aND
_bOxford University Press
_c2013
300 _axxx,653
650 _ausage
_9216945
650 _aPractical
_9216946
650 _aEnglish
_9216947
650 _aEd
_9216948
650 _a3
_9216949
690 _aEnglish Usage
_9216950
906 _a067603
942 _2ddc
_cBK
999 _c150754
_d150754